01139nam a22003017a 45000010005000000030006000050050017000110080041000280200018000690400030000870500015001170820011001321000027001432450085001702600033002553000056002884900027003445050007003715200151003785210027005295210018005566500039005746500023006137000031006369420015006679990015006829520140006979249FISKH20251205095414.0251205b cb ||||| |||| 00| 0 eng d a9781407551852 aFISKHbeng cFISKHdFISKH aPZ73.V25 P a791.45 aValdes, LeslieeAuthor aMeet Diego! :bDora the explorer /cby Leslie Valdes ; illustrated by Susan Hall aNew York :bParragon ,c2003 a36 unnumbered pages :bcolor illustrations ;c21 cm aDora the explorer :v4 aJ  aJoin Dora and her cousin Diego at the Animal Rescue Center, where they embark on an expedition to save Baby Jaguar from plunging over a waterfall.8 a500 bLexile estimate 8 aJ bRaz-Plus  aDora the explorervAnimal & Jungle aFairytalevFantasy aHall, Susan eIllustrator  2ddccBKn0 c9249d9249 00102ddc40708JUVFa002b002cTTP Dark Blued2025-12-05l0oVAL 791.45 PZ73.V25 Pp2025-5026r2025-12-05 09:54:11t1w2025-12-05yBK